Větévka : balady a jiné básně /

Hlavní autor: Kovanda, Stanislav, 1878-1954
Jazyk: Čeština
Vydáno: Ostrava : Knihovna Literárního kruhu, 1947
Fyzický popis: 45-[II] s. ; 8°
Knihy
Uloženo v:
LEADER 00867nam a22002532a 4500
001 001463184
003 CZ BrMZK
005 20150324162853.0
007 ta
008 150324s1947 xr er|||||||||||cze d
015 |a cnb000672693 
035 |a (OCoLC)85428733 
040 |a ABA001  |b cze  |c PNA001  |d ABA001 
100 1 |a Kovanda, Stanislav,  |d 1878-1954  |7 jk01062428  |4 aut 
245 1 0 |a Větévka :  |b balady a jiné básně /  |c [složil] Stanislav Kovanda ; [za redakce R.F. Šimka] 
260 |a Ostrava :  |b Knihovna Literárního kruhu,  |c 1947 
300 |a 45-[II] s. ;  |c 8° 
500 |a Vydáno k uctění 70. narozenin básníka 
500 |a Soukromý tisk 
500 |a V úpravě sochaře Jana Satoryho 
910 |a BOA001  |b X-0209.981 
990 |a BK 
991 |b 201503 
996 6 |b 2619041854  |c X-0209.981  |l MZK  |r Sklad / do 24 hodin  |n 1  |w 001498238  |u 000010  |a 1  |e BOA001  |j MZK50  |s P